Normale Ansicht MARC-Ansicht ISBD

Genervte Slubicer protestieren gegen Verkehr (Titelsatznr. 373478)

[ MARC ]
MARC-Details
000 -Satzkennung
Kontrollfeld mit fester Länge 00736nab a2200193 4500
001 - Kontrollnummer
Kontrollfeld 244442
003 - Kontrollnummer Identifier
Kontrollfeld OSt
005 - Datum und Zeit der letzten Transaktion
Kontrollfeld 20241125130951.0
007 - Feld mit fester Länge zur physischen Beschreibung - Allgemeine Information
Kontrollfeld mit fester Länge tu
008 - Feld mit fester Länge zur physischen Beschreibung - Allgemeine Angaben
Kontrollfeld mit fester Länge 200917s2020|||||||
040 ## - Katalogisierungsquelle
Original-Katalogisierungsstelle DE-2950
Übertragungsstelle DE-2950
245 00 - Titel
Titel Genervte Slubicer protestieren gegen Verkehr
Zusatz zum Titel Grenzkontrollen. In der Nachbarstadt von Frankfurt (Oder) sind am Sonntag wieder Straßen blockiert worden. Dieses Mal jedoch nicht durch Stau, sondern durch eine Demonstration, die sich genau gegen diesen richtete/
Verfasserangabe etc. Lisa Larossa
264 ## - Produktion, Veröffentlichung, Distribution, Herstellung und Urheberrechtsvermerk
Datum der Herstellung, der Veröffentlichung, des Vertriebs oder des Urheberschutzvermerks 2024
653 ## - Indexierungsterm - Nicht normiert
Nicht-normierter Term Frankfurt (Oder) - Slubice
653 ## - Indexierungsterm - Nicht normiert
Nicht-normierter Term Verkehrsstau
653 ## - Indexierungsterm - Nicht normiert
Nicht-normierter Term Demonstration
773 0# - Übergeordnete Einheit
Verknüpfungsangaben 35. Jahrgang (2024) Nr. 270 vom 19.11.2024, S. 15 mit Foto
Titel Märkische Oderzeitung
942 ## - Zusätzliche Felder (Koha)
Klassifikation oder Aufstellungssystematik Andere/Generische Klassifikation
Koha-Medientyp Aufsätze
Exemplare
Ausgeschieden Verloren Klassifikation oder Aufstellungssystematik Beschädigt Nicht entleihbar Heimatbibliothek Aufenthaltsbibliothek Aufstellungsort Erwerbungsdatum Anzahl Ausleihen Signatur Letzte Aktivität Preis gültig von Koha-Medientyp
    Andere/Generische Klassifikation     Stadtarchiv Frankfurt (Oder) | Archivbibliothek Stadtarchiv Frankfurt (Oder) | Archivbibliothek Magazin 25/11/2024   Z2 25/11/2024 25/11/2024 Aufsätze